Central Library OPAC University of Rajshahi

Basic principles of psychoanalysis / (Record no. 29358)

MARC details
000 -LEADER
fixed length control field 00981pam a2200289 a 4500
001 - CONTROL NUMBER
control field 29358
003 - CONTROL NUMBER IDENTIFIER
rucl marc code BD-RjUL
005 - DATE AND TIME OF LATEST TRANSACTION
control field 20211209051413.0
008 - FIXED-LENGTH DATA ELEMENTS--GENERAL INFORMATION
fixed length control field 140403t19491921nyu b 001 0 eng d
035 ## - SYSTEM CONTROL NUMBER
System control number (BD-RjUL)29443
040 ## - CATALOGING SOURCE
Original cataloging agency DLC
Transcribing agency DLC
Modifying agency DLC
-- BD-RjUL
Language of cataloging eng
041 ## - LANGUAGE CODE
Language code of text/sound track or separate title eng
082 00 - DEWEY DECIMAL CLASSIFICATION NUMBER
Classification number 150.195
Edition number 19
Author mark and year BRB 1949
100 1# - MAIN ENTRY--PERSONAL NAME
Personal name Brill, A. A.
Fuller form of name (Abraham Arden),
Dates associated with a name 1874-1948.
9 (RLIN) 41424
245 10 - TITLE STATEMENT
Title Basic principles of psychoanalysis /
Statement of responsibility, etc. A.A. Brill ; with an introduction by Philip R. Lehrman.
260 ## - PUBLICATION, DISTRIBUTION, ETC. (IMPRINT)
Place of publication, distribution, etc. New York :
Name of publisher, distributor, etc. Doubleday & company,
Date of publication, distribution, etc. c1949.
300 ## - PHYSICAL DESCRIPTION
Pagination xv, 298 p. ;
Size 21 cm.
500 ## - GENERAL NOTE
General note Rev. ed. of: Fundamental conceptions of psychoanalysis. 1921.
General note Reprint. Originally published: Garden City, N.Y. : Doubleday, 1949.
General note Includes index.
504 ## - BIBLIOGRAPHY, ETC. NOTE
Bibliography, etc Bibliography: p. [289]
650 #0 - SUBJECT ADDED ENTRY--TOPICAL TERM
Topical term or geographic name as entry element Psychoanalysis.
9 (RLIN) 89540
700 1# - ADDED ENTRY--PERSONAL NAME
Personal name Lehrman, Philip R.
942 ## - ADDED ENTRY ELEMENTS (KOHA)
Source of classification or shelving scheme Dewey Decimal Classification
Koha item type Books
Holdings
Lost status Source of classification or shelving scheme Damaged status Not for loan Collection code Permanent Location Current Location Shelving location Date acquired Source of acquisition Total Checkouts Full call number Date last seen Copy number Koha item type
  Dewey Decimal Classification   Added to bundle Non-fiction Central Library, University of Rajshahi Central Library, University of Rajshahi Reading Room 09/04/1962 Asia Foundation   150.195 BRB 1949 03/04/2014 C-1 Books